Quick Pick: 'F' Food Quiz Stats

 Plays Quiz Updated May 13, 2018

Challenge
Share
Tweet
Embed
Score 0/15 Timer 01:00
5 Plays Today
% Correct
falafel
96.1%
fondue
96%
fudge
94.4%
flan
93.1%
frankfurter
93%
flaxseed
90.8%
frittata
90.8%
flounder
88.9%
% Correct
farfalle
86.6%
fricassee
82%
fontina
64.7%
frangipane
56.9%
fenugreek
56.5%
feijoada
29.7%
fricandeau
22.1%

Today's Daily Dose

Missing Word
Britpop Albums

Word Ladder
Sing It!

On This Day
December 14th II

You're not logged in!

Compare scores with friends on all Sporcle quizzes.
OR
Log In

You Might Also Like...

Show Comments

Extras

Top Quizzes Today


Score Distribution

Your Account Isn't Verified!

In order to create a playlist on Sporcle, you need to verify the email address you used during registration. Go to your Sporcle Settings to finish the process.

Report this User

Report this user for behavior that violates our Community Guidelines.

Details: